Drug abuse (Record no. 488825)

000 -LEADER
fixed length control field 00260cam a22000977a 4500
008 - FIXED-LENGTH DATA ELEMENTS--GENERAL INFORMATION
fixed length control field 180718bn.d. xxu||||| |||| 00| 0 eng d
082 ## - DEWEY DECIMAL CLASSIFICATION NUMBER
Classification number B18x5441 G949
245 ## - TITLE STATEMENT
Title Drug abuse
260 ## - PUBLICATION, DISTRIBUTION, ETC.
Place of publication, distribution, etc. Ahmedabad
Name of publisher, distributor, etc. The Director of Prohibition and Excise
Date of publication, distribution, etc. n.d.
300 ## - PHYSICAL DESCRIPTION
Extent 300p.
Holdings
Withdrawn status Lost status Damaged status Not for loan Permanent Location Current Location Date acquired Full call number Barcode Date last seen Price effective from Koha item type
        Indian Institute of Public Administration Indian Institute of Public Administration 2018-08-04 B18x5441 G949 GG17493 2018-08-04 2018-08-04 GG

Powered by Koha